Tilastot visalle Afrikan Isotjärvet

Klikkaa tästä pelataksesi tätä visaa!

Yleistilastot

  • Tätä visaa on pelattu 214 kertaa
  • Keskiarvotulos 4 / 9

Vastaukset kartalla

Vastauksille on annettu kartalla punavihreä väri sen mukaan, kuinka moni on saanut sen oikein.
 

Vastaustilastot

km2Järvi% Oikein
68 800Victorianjärvi
98%
29 600Njassajärvi
86%
32 900Tanganjikajärvi
63%
5 300Albertinjärvi
39%
2 700Kivujärvi
38%
6 405Turkanajärvi
33%
2 325Edwardinjärvi
31%
5 120Mwerujärvi
29%
5 760Rukwajärvi
24%

Tulosjakauma

Persentiili vastausten määrän mukaan

Jokaisen tuloksen saaneiden osuus

Tuloshistoriasi

Et ole pelannut tätä visaa